000 00275nam a22001217a 4500
008 181022b xxu||||| |||| 00| 0 eng d
041 _aeng
080 _22nd
_a371
100 _a46
101 _aEDU
245 _aAn Introduction to Scientific German
_cWild
942 _2udc
_cBK
999 _c50546
_d50546